000 00414nam a22001097a 4500
999 _c6711
_d6711
008 200324b ||||| |||| 00| 0 eng d
245 _aNational Sample Census of Agriculture 2002/2003:
_bSmall Holder Agriculture/
_cNational Bureau of Statistics,
_hEnglish.
260 _aDar Es Salaam:
_bNational Bureau of Statistics,
_c2006.
300 _aix, 174p;
_bill;
_c30cm.-
650 _2CENSUS - AGRICULTURE
942 _2ddc
_cBOOKS